Warehouse management : The definitive guide to improving efficiency and minimizing costs in the modern warehouse
This book covers an extensive range of topics from defining the modern warehouse, detailing management processes, strategies, and practices to outlining how to tackle environmental challenges to ensure a sustainable supply chain.
Đã lưu trong:
| 主要作者: | |
|---|---|
| 格式: | 圖書 |
| 語言: | Vietnamese |
| 出版: |
New York
Kogan Page
2022
|
| 版: | 4th ed. |
| 主題: | |
| 標簽: |
添加標簽
沒有標簽, 成為第一個標記此記錄!
|
| Thư viện lưu trữ: | Thư viện Trường Đại học Nam Cần Thơ |
|---|
| LEADER | 01124nam a22002177a 4500 | ||
|---|---|---|---|
| 001 | NCT_149569 | ||
| 008 | 230510b xxu||||| |||| 00| 0 vie d | ||
| 999 | |c 7713 |d 7713 | ||
| 020 | |a 9781789668407 |c 2280000 | ||
| 082 | 0 | 4 | |2 23rd ed. |a 658.785 |b R512 |
| 100 | 1 | |a Richards, Gwynne | |
| 245 | 1 | 0 | |a Warehouse management : |b The definitive guide to improving efficiency and minimizing costs in the modern warehouse |c Gwynne Richards |
| 250 | |a 4th ed. | ||
| 260 | |a New York |b Kogan Page |c 2022 | ||
| 300 | |a x, 523 p. |b ill. |c 24cm | ||
| 504 | |a Includes bibliographical references and index | ||
| 520 | 3 | |a This book covers an extensive range of topics from defining the modern warehouse, detailing management processes, strategies, and practices to outlining how to tackle environmental challenges to ensure a sustainable supply chain. | |
| 653 | |a Quản trị Logistics và chuỗi cung ứng | ||
| 942 | |2 ddc |c BK | ||
| 952 | |0 0 |1 0 |2 ddc |4 0 |6 658_785000000000000_R512 |7 0 |9 27579 |a 000001 |b 000001 |d 2023-05-10 |o 658.785 R512 |p MD.21803 |r 2023-05-10 |v 999999.99 |w 2023-05-10 |y BK | ||
| 980 | |a Thư viện Trường Đại học Nam Cần Thơ | ||


